000 00448nam a2200157Ia 4500
008 240729s9999 xx 000 0 und d
022 _a2148-9297
245 0 _aJournal of Agricultural Sciences
260 _aTürkiye
260 _bFaculty of Agriculture, Ankara University
650 _a Agriculture (General)
650 _aAgriculture
856 _uhttps://doaj.org/toc/e17a3a1918e245859327b0fb11906d02
942 _2ddc
942 _cDOAJEJ
999 _c74893
_d74893
945 _a1
_bMadushi Gamage
_c1
_dMadushi Gamage